000 00776nam a2200253 i 4500
003 DO-SdBNP
005 20240415102232.0
007 ta
008 240415s2023 dr 000 j spa d
020 _a9789945223101
040 _aDO-SdBNP
_bspa
_cBNPHU
_erda
082 _bG216
_222
100 _aGarcía, José Miguel
_955993
_d1975-
_eautor
245 1 0 _aAhora que todo pasa /
_cJosé Miguel García
264 4 _aSanto Domingo :
_bÁngeles de Fierro,
_c©2023.
300 _a101 páginas,
_c21 cm.
336 _2rdacontent
_atexto
_btxt
337 _2rdamedia
_asin mediación
_bn
338 _2rdacarrier
_avolumen
_bnc
500 _aIncluye datos biografícos del autor en las solapas.
590 _aInventariado, 2024/ YL
910 _aYLockward
942 _2ddc
_cLBS1
999 _c56396
_d56396